Le Seigneur des Anneaux - Mort subite - Statistiques

Statistiques générales
  • Ce quiz a été pris 1 640 fois
  • Le résultat moyen est 18 sur 20
Answers on the Grid
Answers color-coded by a green-red scale on the quiz's grid according to % correct below.
Frodon Sacquet
Katniss Everdeen
Atticus Finch
Ellen Ripley
Aragorn
Sméagol
Geralt de Riv
Saroumane
Éowyn
Edward Elric
Elrond
Radagast le Brun
Lancelot
Merry
Boromir
Galadriel
Bilbon Sacquet
Conan
Thorin Oakenshield
Smaug
Dwalin
Eddard Stark
Bombur
Legolas
Kili
Gandalf
Gawain
Samwise Gamgee
Gimli
Wulfgar
 
Statistiques - réponses
Réponse % Correct
Frodon Sacquet
99%
Aragorn
96%
Boromir
95%
Saroumane
95%
Sméagol
95%
Bilbon Sacquet
94%
Gandalf
94%
Legolas
94%
Galadriel
92%
Elrond
91%
Éowyn
91%
Gimli
91%
Smaug
91%
Merry
90%
Radagast le Brun
82%
Dwalin
78%
Samwise Gamgee
78%
Thorin Oakenshield
78%
Kili
75%
Bombur
71%
Aucun quiz correspondant
Distribution des résultats
% des personnes avec chaque résultat
Percentile par nombre de réponses
Votre historique - résultats
Vous n’avez pas pris ce quiz